000 00553nam a2200217Ia 4500
003 OSt
005 20220928145931.0
006 a|||||r|||| 00| 0
007 ta
008 220927b |||||||| |||| 00| 0 eng d
024 _a85745
037 _cTextual
040 _aSDCL
_cSDCL
_beng
041 _2eng
_aeng
082 _aX:76z7, J3
100 _aAmerican Economic Association
245 0 _aReadings in price theory.
260 _c1953
942 _hX:76z7, J3
_cTEXL
_2CC
999 _c837982
_d837982